Vista normal Vista MARC

Entrada Personal Name

Número de registros utilizados en: 2

001 - CONTROL NUMBER

  • control field: 46945

003 - CONTROL NUMBER IDENTIFIER

  • control field: OSt

005 - DATE AND TIME OF LATEST TRANSACTION

  • control field: 20241126085616.0

008 - FIXED-LENGTH DATA ELEMENTS

  • fixed length control field: 241126|| aca||aabn | a|a d

040 ## - CATALOGING SOURCE

  • Original cataloging agency: OSt
  • Transcribing agency: OSt

100 ## - HEADING--PERSONAL NAME

  • Personal name: Francisco de Paula 1792-1840 Santander

670 ## - SOURCE DATA FOUND

  • Source citation: Work cat.: (OSt)41524: Francisco de Paula 1792-1840 Santander, Proceso seguido al General Santander por consecuencia del acontecimiento de la noche del 25 de septiembre de 1828 en Bogotá









Instituto Departamental de Cultura del Meta - Red Departamental de Bibliotecas Públicas del Meta.